000 01031nam0a22002531 4500
001 rc\1054990
005 20041129103837.7
035 _a(NLR Aleph) 006216087
090 _a6419550
_c6419550
100 _a20041129d1980 u |0rusy50 ca
101 0 _arus
102 _aRU
105 _ay |||||||||
200 1 _aАнтропогенные воздействия на природные комплексы и экосистемы
_e[Сб. статей]
_fВолгогр. пед. ин-т им. А.С. Серафимовича
_g[Редкол.: Б.С. Кубанцев (ред.) и др.]
210 _aВолгоград
_cВГПИ
_d1980
215 _a167 с.
_d20
320 _aБиблиогр. в конце статей
702 1 _aКубанцев
_bБ. С.
_gБорис Сергеевич
_4340
712 0 2 _aВолгоградский пед. ин-т им. А.С.Серафимовича
_3RU\NLR\AUTH\8813275
801 0 _aRU
_bNLR
_gpsbo
801 1 _aRU
_bELAR
_2rusmarc
852 _aNLR
_j81-3/5434
942 _cBOOK
980 _aNB